Kenya's strategic policies for the 21st century: macroeconomic and sectoral choices / (Record no. 1237)
| 000 -LEADER | |
|---|---|
| fixed length control field | 00885nam a22002297a 4500 |
| 003 - CONTROL NUMBER IDENTIFIER | |
| control field | OSt |
| 005 - DATE AND TIME OF LATEST TRANSACTION | |
| control field | 20140116120849.0 |
| 008 - FIXED-LENGTH DATA ELEMENTS--GENERAL INFORMATION | |
| fixed length control field | 130930b xxu||||| |||| 00| 0 eng d |
| 020 ## - INTERNATIONAL STANDARD BOOK NUMBER | |
| International Standard Book Number | 9966996729 |
| 050 ## - LIBRARY OF CONGRESS CALL NUMBER | |
| Classification number | HC865.K4K46 1999 |
| 245 ## - TITLE STATEMENT | |
| Title | Kenya's strategic policies for the 21st century: macroeconomic and sectoral choices / |
| Statement of responsibility, etc | Edited by Peter Kimuyu, Mbui Wagacha and Okwach Abagi . |
| 260 ## - PUBLICATION, DISTRIBUTION, ETC. (IMPRINT) | |
| Place of publication, distribution, etc | Nairobi : |
| Name of publisher, distributor, etc | Kenya Institute of Policy Analysis and Research , |
| Date of publication, distribution, etc | 1999. |
| 300 ## - PHYSICAL DESCRIPTION | |
| Extent | xii, 263p. |
| Other physical details | ill. |
| 500 ## - GENERAL NOTE | |
| General note | Spine title: Kenya's strategic policies |
| 504 ## - BIBLIOGRAPHY, ETC. NOTE | |
| Bibliography, etc | Includes bibliographical references. |
| 505 ## - FORMATTED CONTENTS NOTE | |
| Formatted contents note | 1. Macroeconomics and finance <br/>2. Real sectors <br/>3. Social sectors <br/>4. Conclusions and recommendations |
| 650 ## - SUBJECT ADDED ENTRY--TOPICAL TERM | |
| Topical term or geographic name as entry element | Economic policies |
| Geographic subdivision | Kenya |
| 700 ## - ADDED ENTRY--PERSONAL NAME | |
| Personal name | Kimuyu, Peter. |
| 700 ## - ADDED ENTRY--PERSONAL NAME | |
| Personal name | Wagacha, Mbui. |
| 700 ## - ADDED ENTRY--PERSONAL NAME | |
| Personal name | Abagi, Okwach. |
| 942 ## - ADDED ENTRY ELEMENTS (KOHA) | |
| Source of classification or shelving scheme | |
| Koha item type | Book |
| Withdrawn status | Lost status | Source of classification or shelving scheme | Damaged status | Not for loan | Home library | Current library | Date acquired | Total Checkouts | Full call number | Barcode | Date last seen | Date checked out | Price effective from | Koha item type |
|---|---|---|---|---|---|---|---|---|---|---|---|---|---|---|
| Riara University Library | Riara University Library | 30/09/2013 | 4 | HC865.K4K46 1999 | 4359/13 | 01/08/2025 | 16/06/2025 | 30/09/2013 | Book |
